000 006980000a22001690004500
090 _aAR
_b04037
245 1 0 _aResolución numero 0573. 26 de junio 1997
_spor el cual se establece el procedimiento de los permisos a que se refiera la convención sobre el comercio internacional de especies amenazadas de fauna y flora silvestre - CITES y se dictan otras disposiciones
300 _a5 p.
650 1 4 _aCITES
_92790
650 1 4 _aLegislación ambiental
_992309
650 1 4 _aPolíticas ambientales
_95366
651 4 _pColombia
_992749
041 0 _aEspañol
110 1 _lColombia
_aMinisterio del Medio Ambiente
_997884
260 _aBogotá
_bMinisterio del Medio Ambiente
_c1997
942 _cARTICULO
999 _c13070
_d13070